000 00361 a2200133 4500
005 20250618113623.0
020 _a978-1-905783-14-4
082 _a658.3225 ELL
245 _aEmployee Share Plans:International Legal and Tax Issues
260 _aLondon
_bGlobe Business Publishing Ltd
_c2008.
300 _a337p.
_c24cm
700 _aPaul Ellerman
942 _2ddc
_cBKS
999 _c4285
_d4285